01014nam a2200241 a 4500999001500000001000600015003000900021005001700030008004500047020001800092040003800110082002100148100003100169245012000200250001200320260004500332300002400377504004100401650004200442942001500484952013900499952013400638 c1730d173020041BD-DhUAP20200212165111.0200204s2017 bg bg b b 001 0 eng d a9780102967203 aBD-DhUAPcBD-DhUAPbEngdBD-DhUAP00223a342.5492 CHO aChowdhury, M. Jashim Ali. 10aAn introduction to constitutional law of Bangladesh :bupdated up to the 16th amendment /cM. Jashim Ali Chowdhury. a3rd ed. aDhaka :bBook zone publications,cc2017. a678 pages ;c22 cm. aIncludes bibliographical references. 0aConstitutional lawzBangladesh.96989 2ddccBK04 00102ddc4070aUAPCLbUAPCLcGeneral Stacksd2020-02-12l11m11o342.5492 CHOp3010020041r2026-05-18s2026-05-04t1w2020-02-12yBK 00102ddc4070aUAPCLbUAPCLcGeneral Stacksd2020-02-12l2o342.5492 CHOp3010020040r2023-12-04s2023-12-04t2w2020-02-12yBK